[Event "Pfalz op-B 11th"]
[Site "Neustadt an der Weinstrasse"]
[Date "2020.02.21"]
[Round "1"]
[White "Czappa, Fabian Alexander"]
[Black "Huber, Berthold"]
[Result "1-0"]
[WhiteElo "1805"]
[BlackElo "1616"]
[PlyCount "59"]
[EventDate "2020.02.21"]
[EventType "swiss"]
[EventRounds "7"]
[EventCountry "GER"]
[SourceTitle "CBM 195 Extra"]
[Source "ChessBase"]
[SourceDate "2020.05.31"]
[SourceVersion "1"]
[SourceVersionDate "2020.05.31"]
[SourceQuality "1"]

1. e4 c6 2. d4 d5 3. e5 c5 4. dxc5 Nc6 5. Nf3 e6 6. Be3 Nge7 7. c3 Ng6 8. Bd4 Be7 9. Bd3 0-0 10. 0-0 f6 11. Bxg6 hxg6 12. b4 Bd7 13. Nbd2 Rc8 14. a4 Kf7 15. Qe2 Rh8 16. a5 g5 17. a6 bxa6 18. Rxa6 g4 19. Ne1 f5 20. Nc2 Bg5 21. f4 Rxh2 22. Kxh2 Qh8+ 23. Kg1 g3 24. Nf3 Bxf4 25. Re1 Qh6 26. b5 Rh8 27. Kf1 Qh1+ 28. Ng1 Nxd4 29. cxd4 Rh2 30. Rxa7 1-0